Economics Today: (Record no. 6400)

MARC details
000 -LEADER
fixed length control field 00594nam a22002057a 4500
003 - CONTROL NUMBER IDENTIFIER
control field OSt
005 - DATE AND TIME OF LATEST TRANSACTION
control field 20240708150418.0
008 - FIXED-LENGTH DATA ELEMENTS--GENERAL INFORMATION
fixed length control field 191206b ||||| |||| 00| 0 eng d
020 ## - INTERNATIONAL STANDARD BOOK NUMBER
International Standard Book Number 0201716186
040 ## - CATALOGING SOURCE
Transcribing agency MUST LIB
Original cataloging agency MUST
Modifying agency MUST
082 ## - DEWEY DECIMAL CLASSIFICATION NUMBER
Classification number 330
Edition number 22
Item number ROG
100 ## - MAIN ENTRY--PERSONAL NAME
Personal name Roger, LeRoy Miller...( et..al)
9 (RLIN) 13125
245 ## - TITLE STATEMENT
Title Economics Today:
Remainder of title The micro View/
Statement of responsibility, etc. Roger, LeRoy Miller.(et...al)
250 ## - EDITION STATEMENT
Edition statement 2nd.
260 ## - PUBLICATION, DISTRIBUTION, ETC. (IMPRINT)
Name of publisher, distributor, etc. Addison-Wesley
Date of publication, distribution, etc. 2001
300 ## - PHYSICAL DESCRIPTION
Extent xxi, 488 p.
Other physical details Col.ill:
Dimensions 26cm
504 ## - BIBLIOGRAPHY, ETC. NOTE
Bibliography, etc Answers, Glossary, & Index included
650 ## - SUBJECT ADDED ENTRY--TOPICAL TERM
Topical term or geographic name as entry element Economics
9 (RLIN) 975
942 ## - ADDED ENTRY ELEMENTS (KOHA)
Source of classification or shelving scheme Dewey Decimal Classification
Koha item type Open Shelf
Holdings
Withdrawn status Lost status Source of classification or shelving scheme Damaged status Not for loan Home library Current library Date acquired Source of acquisition Inventory number Total Checkouts Full call number Barcode Date last seen Koha item type Price effective from
    Dewey Decimal Classification     MUST Main Library MUST Main Library 06/12/2019 Donation 03/20344   330 MIL 2001 2019-0703 06/12/2019 Open Shelf  
    Dewey Decimal Classification     MUST Main Library MUST Main Library 08/07/2024 Purchase 05/24230   330 ROG 2024-21824 08/07/2024 Open Shelf 08/07/2024